Problémy s vykázaným vlastním kapitálem - především v souvislosti se stanovením vypořádacího podílu
Zánik účasti spoločníka v spoločnosti a stanovenie vysporiadania podielu. Problematika hodnoty vlastného kapitálu a trhová hodnota spoločnosti. Možnosti a voľby účtovnej metódy. Účtovná závierka ku dňu zániku účasti spoločníka.
Guardado en:
| Autor principal: | |
|---|---|
| Formato: | Capítulo de libro |
| Lenguaje: | checo |
| Materias: | |
| Etiquetas: |
Sin Etiquetas, Sea el primero en etiquetar este registro!
|
MARC
| LEADER | 00000naa a2200000 4500 | ||
|---|---|---|---|
| 001 | 0128591 | ||
| 005 | 20230925094404.7 | ||
| 041 | 0 | |a cze | |
| 044 | |a CZ | ||
| 245 | 1 | 0 | |a Problémy s vykázaným vlastním kapitálem - především v souvislosti se stanovením vypořádacího podílu |c Lubomír Harna |
| 520 | |a Zánik účasti spoločníka v spoločnosti a stanovenie vysporiadania podielu. Problematika hodnoty vlastného kapitálu a trhová hodnota spoločnosti. Možnosti a voľby účtovnej metódy. Účtovná závierka ku dňu zániku účasti spoločníka. | ||
| 610 | 2 | 0 | |a účtovníctvo |
| 610 | 2 | 0 | |a účtovníctvo finančné |
| 610 | 2 | 0 | |a metódy účtovné |
| 610 | 2 | 0 | |a aktíva |
| 610 | 2 | 0 | |a pasíva |
| 610 | 2 | 0 | |a imanie vlastné |
| 610 | 2 | 0 | |a vyrovnanie |
| 610 | 2 | 0 | |a zníženie kapitálu |
| 610 | 2 | 0 | |a zvýšenie kapitálu |
| 610 | 2 | 0 | |a zápisy účtovné |
| 610 | 2 | 0 | |a závierka účtovná |
| 100 | 1 | |a Harna, Lubomír | |